Electoral politics in highly segmented societies: an interpretation of Indian experiences /
Guardat en:
| Autor principal: | |
|---|---|
| Format: | Text |
| Matèries: | |
| Etiquetes: |
Afegir etiqueta
Sense etiquetes, Sigues el primer a etiquetar aquest registre!
|
MARC
| LEADER | 00000 a a2200000 04500 | ||
|---|---|---|---|
| 001 | 8186 | ||
| 003 | |||
| 040 | |||
| 100 | |a Price, Pamela | ||
| 245 | |a Electoral politics in highly segmented societies: |b an interpretation of Indian experiences / |c Pamela Price | ||
| 650 | |a HISTORIA POLITICA | ||
| 650 | |a ESTUDIO DE CASO | ||
| 650 | |a ELECCIONES | ||
| 650 | |a PARTIDOS POLITICOS | ||
| 650 | |a ESTRATIFICACION SOCIAL | ||
| 650 | |a INDIA | ||
| 773 | |g volumen 31, número 2; páginas 337-354 | ||
| 999 | |c 21010 |d 21010 | ||
